গণকেন্দ্র : সচিত্র মাসিক পত্রিকা

Podrobná bibliografie
Korporace: Bangladesh Rural Advancement Committee, ব্র্যাক পাবলিকেশন
Další autoři: হক, ইমাউল, আবেদ, আয়েশা হাসান
Médium: Kniha
Jazyk:Bengali
Vydáno: ঢাকা : ব্র্যাক পাবলিকেশন, ১৯৭৭ [১৩৮৫].
Témata:
Classic Catalogue: View this record in Classic Catalogue
LEADER 01932nam a22003497a 4500
001 42648
003 BD-DhAAL
005 20250428121935.0
008 240529m19771978bg a|||| |||| 00| 0 ben d
040 |a BD-DhAAL  |d BD-DhAAL 
041 |a ben 
082 |a 079.5492 
110 |a Bangladesh Rural Advancement Committee. 
245 |a গণকেন্দ্র :  |b সচিত্র মাসিক পত্রিকা  |g বৈশাখ -চৈত্র ১৩৮৫ /  |c সম্পাদক, ইমাউল হক; ব্যবস্থাপনা সম্পাদক, আয়েশা হাসান আবেদ. 
246 |a মাসিক গণকেন্দ্র. 
260 |a ঢাকা :  |b ব্র্যাক পাবলিকেশন,  |c ১৯৭৭ [১৩৮৫]. 
300 |a v. :  |b সচিত্র ;  |c ৩২ সে.মি. 
362 |a Vol. 5, no.1 (Apr. 1977)-v. 5, no. 12 (Mar.1978) 
362 |a বর্ষ ৫ম, সংখ্যা ১(বৈশাখ ১৩৮৪)-বর্ষ ৫ম,সংখ্যা ১২ (চৈত্র ১৩৮৪) 
500 |a This book contains volume 5, no. 1-12. 
541 |a BRAC  |e 42648 
650 |a Newspapers  |z Bangladesh.  |9 55220 
650 |a Journalism  |z Bangladesh. 
650 |a Bengali newspapers  |z Bangladesh.  |9 58004 
700 |a হক, ইমাউল.  |9 56446 
700 |a আবেদ, আয়েশা হাসান.  |9 56447 
710 |a ব্র্যাক পাবলিকেশন.  |9 56448 
852 |a Ayesha Abed Library  |c BRAC Resource Section 
942 |2 ddc  |c BK 
999 |c 46683  |d 46683 
952 |0 0  |1 0  |2 ddc  |4 0  |6 079_549200000000000_GAN  |7 1  |9 75571  |a BRACUL  |b BRACUL  |c BRS  |d 2024-05-29  |e BRAC  |l 0  |o 079.5492 GAN  |p 3010042649  |r 2024-05-29  |t 2  |w 2024-05-29  |y BK  |x BRAC 
952 |0 0  |1 0  |2 ddc  |4 0  |6 079_549200000000000_GAN  |7 1  |9 75573  |a BRACUL  |b BRACUL  |c BRS  |d 2024-05-29  |e BRAC  |l 0  |o 079.5492 GAN  |p 3010042648  |r 2024-05-29  |t 1  |w 2024-05-29  |y BK  |x BRAC